00000000nam##2200000za#4500
0019.581069
003CaOODSP
00520210624191337
007cr |||||||||||
008150406|2003||||xxc|||||o    f|0| 0 eng|d
040 |aCaOODSP|beng
043 |an-cn---
0861 |aNH18-22/103-113E-PDF
1102 |aCanada Mortgage and Housing Corporation.
24510|aDawson City demonstration monitoring northern ventilation |h[electronic resource]
250 |aRevised 2006
260 |aOttawa - Ontario : |bCanada Mortgage and Housing Corporation |cc2003, 2006.
300 |a4p.|bfigs.
4901 |aResearch highlight. Technical series |v03-113
500 |aFile reproduced from original print.
590 |a14-19-Supp|b2014-11-03
77508|tSuivi du projet de démonstration de Dawson City - Ventilation dans les régions nordiques |w(CaOODSP)9.607933
830#0|aResearch highlight. Technical series ;|v03-113|w(CaOODSP)9.504482
85640|ahttp://publications.gc.ca|qPDF|s685 KB|uhttps://publications.gc.ca/collections/collection_2014/schl-cmhc/NH18-22-103-113-eng.pdf|y03-113